Gracie Abrams - Chansons de The Secret of Us dans l'ordre alphabétique - Statistiques

Statistiques générales
  • Ce quiz a été pris 17 fois
  • Le résultat moyen est 13 sur 17
Statistiques - réponses
Lettres Chansons % Correct
C Close To You
92%
B Blowing Smoke
85%
G Good Luck Charlie
85%
I I Love You, I’m Sorry
85%
R Risk
85%
T That's So True
85%
C Cool
77%
F Free Now
77%
I I Told You Things
77%
U ​us. (ft. Taylor Swift)
77%
G Gave You I Gave You I
69%
I I Knew It, I Know You
69%
L Let It Happen
69%
P Packing It Up
69%
F Felt Good About You
62%
N Normal Thing
62%
T Tough Love
62%
Aucun quiz correspondant
Distribution des résultats
% des personnes avec chaque résultat
Percentile par nombre de réponses
Votre historique - résultats
Vous n’avez pas pris ce quiz